[Event "Sofia MGU op 210th"]
[Site "Sofia"]
[Date "2018.03.18"]
[Round "6"]
[White "Iliev, Dimitar"]
[Black "Babatov, Martin"]
[Result "1-0"]
[WhiteElo "2145"]
[BlackElo "1746"]
[PlyCount "90"]
[EventDate "2018.03.17"]
[EventType "swiss"]
[EventRounds "6"]
[EventCountry "BUL"]
[SourceTitle "CBM 183 Extra"]
[Source "ChessBase"]
[SourceDate "2018.04.19"]
[SourceVersion "1"]
[SourceVersionDate "2018.04.19"]
[SourceQuality "1"]

1. e4 d5 2. e5 Bf5 3. d4 e6 4. g4 Bg6 5. Ne2 Be4 6. Rg1 Bf3 7. Nd2 Bxe2 8. Qxe2 c6 9. f4 Qh4+ 10. Rg3 Qe7 11. Nb3 Nd7 12. Be3 g6 13. 0-0-0 0-0-0 14. Bf2 h5 15. Rh3 Bh6 16. g5 Bf8 17. Rc3 Nb6 18. Na5 Qc7 19. Rb3 Kb8 20. a4 Ne7 21. Nxb7 Qxb7 22. a5 Nf5 23. Bh3 Be7 24. Bxf5 exf5 25. Be1 Rc8 26. h4 Rhe8 27. axb6 axb6 28. Ba5 Bd8 29. Qd2 b5 30. Bb4 Be7 31. Ra3 Bxb4 32. Qxb4 Rc7 33. Qd6 Kc8 34. Re1 Rd7 35. Qf6 Re6 36. Qg7 Kc7 37. b4 Re8 38. Kb2 Ra8 39. Rxa8 Qxa8 40. e6 Qe8 41. Qf6 Qf8 42. Qe5+ Rd6 43. e7 Qe8 44. Ra1 f6 45. gxf6 Qd8 1-0

[Event "Sofia MGU op 210th"]
[Site "Sofia"]
[Date "2018.03.18"]
[Round "4"]
[White "Iliev, Dimitar"]
[Black "Toshev, Vladimir"]
[Result "1-0"]
[WhiteElo "2145"]
[BlackElo "1854"]
[PlyCount "37"]
[EventDate "2018.03.17"]
[EventType "swiss"]
[EventRounds "6"]
[EventCountry "BUL"]
[SourceTitle "CBM 183 Extra"]
[Source "ChessBase"]
[SourceDate "2018.04.19"]
[SourceVersion "1"]
[SourceVersionDate "2018.04.19"]
[SourceQuality "1"]

1. e4 c5 2. Nf3 d6 3. d4 cxd4 4. Nxd4 Nf6 5. Nc3 a6 6. g3 e5 7. Nb3 Be7 8. Bg2 Nc6 9. 0-0 h5 10. Bg5 Be6 11. a4 Qd7 12. a5 Bh3 13. Bxf6 Bxg2 14. Bxg7 Bxf1 15. Bxh8 Bh3 16. Nd5 h4 17. Qh5 Rd8 18. Bf6 Qg4 19. Qxg4 1-0

[Event "Sofia MGU blitz 24th"]
[Site "Sofia"]
[Date "2018.03.17"]
[Round "4"]
[White "Iliev, Dimitar"]
[Black "Babatov, Martin"]
[Result "1-0"]
[WhiteElo "2145"]
[BlackElo "1578"]
[PlyCount "63"]
[EventDate "2018.03.17"]
[EventType "tourn (blitz)"]
[EventRounds "14"]
[EventCountry "BUL"]
[SourceTitle "CBM 183 Extra"]
[Source "ChessBase"]
[SourceDate "2018.04.19"]
[SourceVersion "1"]
[SourceVersionDate "2018.04.19"]
[SourceQuality "1"]

1. e4 d5 2. exd5 Qxd5 3. Nc3 Qd8 4. g3 c6 5. Bg2 Bf5 6. Nge2 Nf6 7. d3 e6 8. 0-0 Be7 9. Ne4 Nxe4 10. dxe4 Qxd1 11. Rxd1 Bg6 12. Nf4 Na6 13. h4 h6 14. Nxg6 fxg6 15. c3 e5 16. Bh3 Rd8 17. Be3 Bc5 18. Rxd8+ Kxd8 19. Rd1+ Kc7 20. Rd7+ Kb6 21. Rxg7 Bxe3 22. fxe3 g5 23. hxg5 hxg5 24. Bf5 Rd8 25. Rxg5 Rd2 26. g4 Rxb2 27. Rh5 Re2 28. g5 Nc7 29. g6 Ne8 30. Rh8 Nf6 31. Rf8 Nh5 32. Bg4 1-0

[Event "Sofia MGU blitz 24th"]
[Site "Sofia"]
[Date "2018.03.17"]
[Round "6"]
[White "Iliev, Dimitar"]
[Black "Kostov, Nikolai"]
[Result "1-0"]
[WhiteElo "2145"]
[BlackElo "1631"]
[PlyCount "71"]
[EventDate "2018.03.17"]
[EventType "tourn (blitz)"]
[EventRounds "14"]
[EventCountry "BUL"]
[SourceTitle "CBM 183 Extra"]
[Source "ChessBase"]
[SourceDate "2018.04.19"]
[SourceVersion "1"]
[SourceVersionDate "2018.04.19"]
[SourceQuality "1"]

1. e4 e5 2. Nf3 Nc6 3. Nc3 Nf6 4. d4 exd4 5. Nxd4 Nxd4 6. Qxd4 d6 7. Bc4 Be7 8. 0-0 0-0 9. f4 c6 10. h3 d5 11. exd5 cxd5 12. Nxd5 Nxd5 13. Bxd5 b6 14. Kh1 Bf5 15. Qe5 g6 16. Bxa8 Qxa8 17. Qxe7 Bxh3 18. Qg5 f6 19. Qg3 Bf5 20. Bd2 Bxc2 21. Bc3 f5 22. Rae1 Be4 23. Rf2 Qd8 24. Rd2 Qe7 25. a3 Rc8 26. Qf2 Rc4 27. Rd4 Qc5 28. Rd8+ Kf7 29. Qxc5 Rxc5 30. Rh8 h5 31. Rh7+ Kg8 32. Rg7+ Kf8 33. Rxa7 Rc6 34. Rd1 Ke8 35. Rdd7 Rc8 36. Rh7 1-0

[Event "Sofia MGU blitz 24th"]
[Site "Sofia"]
[Date "2018.03.17"]
[Round "10"]
[White "Iliev, Dimitar"]
[Black "Mladenov, Andrey"]
[Result "0-1"]
[WhiteElo "2145"]
[BlackElo "1595"]
[PlyCount "100"]
[EventDate "2018.03.17"]
[EventType "tourn (blitz)"]
[EventRounds "14"]
[EventCountry "BUL"]
[SourceTitle "CBM 183 Extra"]
[Source "ChessBase"]
[SourceDate "2018.04.19"]
[SourceVersion "1"]
[SourceVersionDate "2018.04.19"]
[SourceQuality "1"]

1. e4 d6 2. d4 Nf6 3. Nc3 g6 4. f4 Bg7 5. e5 dxe5 6. dxe5 Qxd1+ 7. Nxd1 Nd5 8. Bd3 0-0 9. Nf3 Nb4 10. 0-0 Nxd3 11. cxd3 c6 12. d4 Be6 13. Be3 Na6 14. Nc3 Nc7 15. Rad1 Nd5 16. Nxd5 Bxd5 17. b3 Rad8 18. Nd2 b5 19. f5 gxf5 20. Rxf5 e6 21. Rg5 Kh8 22. Rg3 a5 23. Rf1 a4 24. Nf3 axb3 25. axb3 Bxb3 26. Ng5 f5 27. Nxe6 Bxe6 28. Rgf3 b4 29. Bg5 Rb8 30. Be7 Rf7 31. Bc5 b3 32. Rb1 Bf8 33. Bxf8 Rfxf8 34. Kf2 b2 35. Ra3 f4 36. Kf3 Bf5 37. Rxb2 Rxb2 38. Kxf4 Be6+ 39. Ke3 Rxg2 40. Ra6 Rxh2 41. Rxc6 Rh3+ 42. Kd2 Rf2+ 43. Ke1 Rg2 44. Kf1 Rb2 45. Kg1 Rg3+ 46. Kf1 Rgg2 47. Rxe6 Rgd2 48. Ke1 Rh2 49. Re8+ Kg7 50. Rc8 Rh1# 0-1

[Event "Sofia MGU op 209th"]
[Site "Sofia"]
[Date "2018.03.11"]
[Round "5"]
[White "Iliev, Dimitar"]
[Black "Babatov, Martin"]
[Result "1/2-1/2"]
[WhiteElo "2145"]
[BlackElo "1746"]
[PlyCount "188"]
[EventDate "2018.03.10"]
[EventType "swiss"]
[EventRounds "6"]
[EventCountry "BUL"]
[SourceTitle "CBM 183 Extra"]
[Source "ChessBase"]
[SourceDate "2018.04.19"]
[SourceVersion "1"]
[SourceVersionDate "2018.04.19"]
[SourceQuality "1"]

1. e4 d5 2. exd5 Qxd5 3. Nc3 Qd8 4. g3 c6 5. Bg2 Nf6 6. Nge2 Bf5 7. 0-0 e6 8. d3 h6 9. a4 Bd6 10. a5 a6 11. Be3 Nbd7 12. Na4 0-0 13. Nb6 Nxb6 14. Bxb6 Qe7 15. Nd4 Bg6 16. Nb3 Nd7 17. Be3 Rfe8 18. Ra4 Nc5 19. Nxc5 Bxc5 20. Qd2 Bxe3 21. Qxe3 Rad8 22. Qb6 Rd7 23. Rb4 Qd8 24. Qxd8 Rexd8 25. Ra1 Rc7 26. Ra3 Rdd7 27. Rab3 Kf8 28. Kf1 Ke8 29. Ke2 Kd8 30. f4 Kc8 31. g4 h5 32. h3 hxg4 33. hxg4 Re7 34. Ke3 f6 35. Ra4 Bf7 36. Rbb4 e5 37. f5 Bd5 38. Be4 Bxe4 39. Kxe4 Red7 40. Ra1 Rd5 41. Rba4 Rcd7 42. g5 Rd4+ 43. Ke3 fxg5 44. Rxd4 Rxd4 45. Rg1 g4 46. c3 Rf4 47. d4 Rxf5 48. Ke4 Rh5 49. dxe5 Rh4 50. Rg3 Kd7 51. Kf5 Rh5+ 52. Kf4 Ke6 53. Rxg4 g5+ 54. Kg3 Kxe5 55. Rb4 Rh7 56. Rb6 Kd6 57. Kg4 Rg7 58. Rb4 Kc7 59. Rb3 Rd7 60. Kxg5 Rd5+ 61. Kf4 Rxa5 62. Ke3 Rd5 63. Rb4 a5 64. Ra4 Kb6 65. b4 axb4 66. Rxb4+ Ka6 67. c4 Rd7 68. Ke2 b6 69. Ra4+ Kb7 70. Ke3 c5 71. Ra1 Rd4 72. Rc1 Kc6 73. Rc2 Rd6 74. Rb2 Kd7 75. Rb1 Ke6 76. Rb2 Ke5 77. Rh2 Rd4 78. Rh6 Rxc4 79. Rxb6 Rc3+ 80. Kd2 Rh3 81. Rg6 Kd5 82. Rg4 Kc6 83. Kc2 Kb5 84. Rf4 c4 85. Rf8 Rh6 86. Rb8+ Rb6 87. Rxb6+ Kxb6 88. Kc3 Kc5 89. Kc2 Kd4 90. Kd2 c3+ 91. Kc2 Kc4 92. Kc1 Kd3 93. Kd1 c2+ 94. Kc1 Kc3 1/2-1/2

[Event "Sofia MGU blitz 22nd"]
[Site "Sofia"]
[Date "2018.03.03"]
[Round "9"]
[White "Kurtenkov, Alexander"]
[Black "Iliev, Dimitar"]
[Result "1-0"]
[WhiteElo "2118"]
[BlackElo "2145"]
[PlyCount "97"]
[EventDate "2018.03.03"]
[EventType "tourn (blitz)"]
[EventRounds "14"]
[EventCountry "BUL"]
[SourceTitle "EXT 2021"]
[Source "ChessBase"]
[SourceDate "2020.10.23"]
[SourceVersion "1"]
[SourceVersionDate "2020.10.23"]
[SourceQuality "1"]

1. Nf3 Nf6 2. g3 c6 3. Bg2 d6 4. 0-0 Qc7 5. d3 e5 6. e4 Bg4 7. h3 Bxf3 8. Qxf3 Be7 9. Qe2 0-0 10. Nd2 Nbd7 11. f4 Nc5 12. f5 d5 13. g4 h6 14. h4 dxe4 15. dxe4 Nh7 16. Nf3 Rfd8 17. b4 Na6 18. a3 Qd6 19. g5 hxg5 20. hxg5 Nc7 21. Be3 Nb5 22. Qc4 g6 23. fxg6 Qxg6 24. Nxe5 Qe6 25. Qxe6 fxe6 26. Nf7 Rf8 27. Nh6+ Kg7 28. c4 Nc7 29. Bd4+ Kg6 30. Ng4 Nxg5 31. Ne5+ Kh7 32. Ng4 Rxf1+ 33. Rxf1 Rf8 34. Rxf8 Bxf8 35. Nf6+ Kg6 36. Kf2 Bg7 37. e5 Bxf6 38. exf6 Ne8 39. b5 cxb5 40. cxb5 b6 41. Be5 Nxf6 42. Bb8 Nge4+ 43. Ke3 Nc3 44. Bc6 Kf5 45. Kd3 Nfd5 46. Bxa7 e5 47. Bd7+ Kf4 48. Bb8 Nf6 49. Bc6 1-0

[Event "Sofia MGU blitz 19th"]
[Site "Sofia"]
[Date "2018.02.04"]
[Round "9"]
[White "Ganev, Daniel"]
[Black "Iliev, Dimitar"]
[Result "0-1"]
[WhiteElo "1600"]
[BlackElo "2145"]
[PlyCount "56"]
[EventDate "2018.02.04"]
[EventType "tourn (blitz)"]
[EventRounds "15"]
[EventCountry "BUL"]
[SourceTitle "CBM 182 Extra"]
[Source "ChessBase"]
[SourceDate "2018.02.23"]
[SourceVersion "1"]
[SourceVersionDate "2018.02.23"]
[SourceQuality "1"]

1. e4 c6 2. d4 d6 3. c4 e5 4. d5 Nf6 5. Nc3 Be7 6. Be2 0-0 7. Nf3 Bg4 8. h3 Bxf3 9. gxf3 Nh5 10. Rg1 h6 11. Bxh6 Bf6 12. Qd2 Kh7 13. Be3 Bh4 14. 0-0-0 c5 15. f4 Nxf4 16. Bxf4 exf4 17. Qxf4 Qf6 18. Qg4 a6 19. Bd3 Qh6+ 20. Kb1 Bxf2 21. Rg2 Bd4 22. e5+ Kh8 23. exd6 Qxd6 24. Ne4 Qh6 25. Ng3 g6 26. h4 f5 27. Bxf5 gxf5 28. Nxf5 Qh7 0-1

[Event "Sofia MGU blitz 19th"]
[Site "Sofia"]
[Date "2018.02.04"]
[Round "2"]
[White "Iliev, Dimitar"]
[Black "Babatov, Martin"]
[Result "1-0"]
[WhiteElo "2145"]
[BlackElo "1746"]
[PlyCount "107"]
[EventDate "2018.02.04"]
[EventType "tourn (blitz)"]
[EventRounds "15"]
[EventCountry "BUL"]
[SourceTitle "CBM 182 Extra"]
[Source "ChessBase"]
[SourceDate "2018.02.23"]
[SourceVersion "1"]
[SourceVersionDate "2018.02.23"]
[SourceQuality "1"]

1. e4 c6 2. d4 d5 3. e5 Bf5 4. Nc3 e6 5. g4 Bg6 6. Nge2 Ne7 7. h4 h5 8. Nf4 hxg4 9. Nxg6 Nxg6 10. h5 Qb6 11. Qxg4 Ne7 12. Bd3 Nd7 13. Bd2 c5 14. dxc5 Nxc5 15. Bb5+ Nd7 16. 0-0-0 0-0-0 17. Bxd7+ Rxd7 18. Be3 Qa6 19. f4 Nf5 20. Bd4 Rc7 21. Kb1 Nxd4 22. Rxd4 Rxc3 23. bxc3 Ba3 24. Qxg7 Qb5+ 25. Rb4 Bxb4 26. Qxh8+ Kd7 27. cxb4 Qxb4+ 28. Kc1 Qxf4+ 29. Kb2 Qd4+ 30. c3 Qd2+ 31. Kb3 Qd3 32. Rc1 Qc4+ 33. Kb2 Qe2+ 34. Ka1 Qd2 35. Kb1 Qd3+ 36. Kb2 Qb5+ 37. Ka1 Qe2 38. Qh6 Qd3 39. Qg5 Qc4 40. Qd2 Qe4 41. h6 Qf5 42. Kb2 Qg6 43. Re1 Qh7 44. c4 Kc6 45. cxd5+ exd5 46. Rc1+ Kd7 47. Qc2 Qg8 48. Qc7+ Ke6 49. Qd6+ Kf5 50. Rf1+ Ke4 51. Qb4+ Ke3 52. Qc3+ Ke2 53. Qf3+ Kd2 54. Rd1# 1-0

[Event "Sofia MGU op 204th"]
[Site "Sofia"]
[Date "2018.01.27"]
[Round "3"]
[White "Kostov, Nikolai"]
[Black "Iliev, Dimitar"]
[Result "0-1"]
[WhiteElo "1631"]
[BlackElo "2145"]
[PlyCount "32"]
[EventDate "2018.01.27"]
[EventType "tourn"]
[EventRounds "5"]
[EventCountry "BUL"]
[SourceTitle "CBM 182 Extra"]
[Source "ChessBase"]
[SourceDate "2018.02.23"]
[SourceVersion "1"]
[SourceVersionDate "2018.02.23"]
[SourceQuality "1"]

1. e4 e5 2. d4 exd4 3. Bc4 Nc6 4. c3 dxc3 5. Nf3 cxb2 6. Bxb2 Bb4+ 7. Nbd2 Nf6 8. 0-0 0-0 9. e5 Ng4 10. Ne4 d6 11. exd6 Bxd6 12. Qc2 Nce5 13. Qc3 Nxf3+ 14. gxf3 Be5 15. Qc2 Nxh2 16. Bxe5 Nxf3+ 0-1

[Event "Sofia MGU op 201st"]
[Site "Sofia"]
[Date "2018.01.06"]
[Round "1"]
[White "Iliev, Dimitar"]
[Black "Kostov, Nikolai"]
[Result "1/2-1/2"]
[WhiteElo "2145"]
[BlackElo "1631"]
[PlyCount "34"]
[EventDate "2018.01.06"]
[EventType "swiss"]
[EventRounds "6"]
[EventCountry "BUL"]
[SourceTitle "CBM 182 Extra"]
[Source "ChessBase"]
[SourceDate "2018.02.23"]
[SourceVersion "1"]
[SourceVersionDate "2018.02.23"]
[SourceQuality "1"]

1. e4 e5 2. Nc3 d6 3. Bc4 c6 4. Nge2 Nf6 5. 0-0 b5 6. Bb3 b4 7. Na4 Nxe4 8. d4 Be7 9. f4 0-0 10. dxe5 dxe5 11. Qxd8 Rxd8 12. fxe5 Be6 13. Nf4 Bxb3 14. axb3 Nc5 15. Be3 Nbd7 16. Rad1 Nxa4 17. bxa4 Nxe5 1/2-1/2

[Event "Sofia MGU op 200th"]
[Site "Sofia"]
[Date "2017.12.30"]
[Round "3"]
[White "Dereshki, Dario"]
[Black "Iliev, Dimitar"]
[Result "1/2-1/2"]
[WhiteElo "2074"]
[BlackElo "2145"]
[PlyCount "62"]
[EventDate "2017.12.30"]
[EventType "swiss"]
[EventRounds "6"]
[EventCountry "BUL"]
[SourceTitle "CBM 182 Extra"]
[Source "ChessBase"]
[SourceDate "2018.02.23"]
[SourceVersion "1"]
[SourceVersionDate "2018.02.23"]
[SourceQuality "1"]

1. d4 d6 2. Nf3 c6 3. c4 Nf6 4. Nc3 Qc7 5. e4 e5 6. Be2 Bg4 7. 0-0 Be7 8. h3 Bxf3 9. Bxf3 0-0 10. Be3 Nbd7 11. b4 a5 12. a3 axb4 13. axb4 h6 14. Be2 Nh7 15. f4 exf4 16. Rxa8 Rxa8 17. Bxf4 Bg5 18. Bxg5 Nxg5 19. h4 Ne6 20. d5 Qb6+ 21. Kh2 Nd4 22. dxc6 bxc6 23. b5 Ne5 24. bxc6 Nxe2 25. Nd5 Ng4+ 26. Kh3 Nf2+ 27. Kh2 Nxd1 28. Nxb6 Ne3 29. Rf3 Ng4+ 30. Kh3 h5 31. Nxa8 Ng1+ 1/2-1/2

[Event "Sofia MGU blitz 12th"]
[Site "Sofia"]
[Date "2017.12.09"]
[Round "8"]
[White "Iliev, Dimitar"]
[Black "Ivanov, Daniel"]
[Result "1-0"]
[WhiteElo "2145"]
[BlackElo "1758"]
[PlyCount "49"]
[EventDate "2017.12.09"]
[EventType "tourn (blitz)"]
[EventRounds "10"]
[EventCountry "BUL"]
[SourceTitle "CBM 182 Extra"]
[Source "ChessBase"]
[SourceDate "2018.02.23"]
[SourceVersion "1"]
[SourceVersionDate "2018.02.23"]
[SourceQuality "1"]

1. e4 e6 2. d4 d5 3. Nc3 Bb4 4. e5 c5 5. a3 Bxc3+ 6. bxc3 cxd4 7. cxd4 Nc6 8. f4 Nge7 9. Nf3 Qb6 10. Be2 Bd7 11. 0-0 Rc8 12. Kh1 h6 13. g4 Na5 14. Be3 Nc4 15. Bxc4 Rxc4 16. Rb1 Qc7 17. Rf2 Ba4 18. Ne1 b6 19. Rb4 Rxb4 20. axb4 Nc6 21. Nd3 0-0 22. f5 Nd8 23. f6 gxf6 24. Bxh6 Kh7 25. Bxf8 1-0

[Event "Sofia MGU blitz 12th"]
[Site "Sofia"]
[Date "2017.12.09"]
[Round "5"]
[White "Simeonov, Daniel"]
[Black "Iliev, Dimitar"]
[Result "0-1"]
[WhiteElo "1522"]
[BlackElo "2145"]
[PlyCount "64"]
[EventDate "2017.12.09"]
[EventType "tourn (blitz)"]
[EventRounds "10"]
[EventCountry "BUL"]
[SourceTitle "CBM 182 Extra"]
[Source "ChessBase"]
[SourceDate "2018.02.23"]
[SourceVersion "1"]
[SourceVersionDate "2018.02.23"]
[SourceQuality "1"]

1. e4 c6 2. d4 d6 3. Nf3 Bg4 4. Be2 Qc7 5. h3 Bxf3 6. Bxf3 e5 7. Nc3 Nf6 8. 0-0 Be7 9. Bg5 0-0 10. Bxf6 Bxf6 11. d5 c5 12. a3 a6 13. Ne2 b5 14. Rc1 c4 15. b3 Nd7 16. c3 Nb6 17. Rb1 cxb3 18. Qxb3 Rfc8 19. Rbc1 Nc4 20. Ng3 Nd2 21. Qd1 Nxf1 22. Nxf1 Bg5 23. Rc2 Qc5 24. Qa1 a5 25. g3 b4 26. Qa2 Qc4 27. axb4 axb4 28. Qxc4 Rxc4 29. Be2 Rxc3 30. Rxc3 bxc3 31. Ne3 Bxe3 32. fxe3 c2 0-1

[Event "Sofia MGU blitz 10th"]
[Site "Sofia"]
[Date "2017.11.25"]
[Round "13"]
[White "Babatov, Martin"]
[Black "Iliev, Dimitar"]
[Result "0-1"]
[WhiteElo "1578"]
[BlackElo "2145"]
[PlyCount "64"]
[EventDate "2017.11.25"]
[EventType "tourn (blitz)"]
[EventRounds "18"]
[EventCountry "BUL"]
[SourceTitle "EXT 2019"]
[Source "ChessBase"]
[SourceDate "2018.10.10"]
[SourceVersion "1"]
[SourceVersionDate "2018.10.10"]
[SourceQuality "1"]

1. d4 d6 2. Nf3 c6 3. c4 Qc7 4. Bf4 Nf6 5. e3 Nbd7 6. Bd3 e5 7. dxe5 dxe5 8. Bg3 Bb4+ 9. Nc3 0-0 10. 0-0 Bxc3 11. bxc3 Qa5 12. Qc2 Nc5 13. Be2 e4 14. Nd4 Bg4 15. Bxg4 Nxg4 16. h3 Nf6 17. Bd6 Rfe8 18. Bxc5 Qxc5 19. Rab1 b6 20. Qb3 Nd7 21. Qb4 Qg5 22. Nxc6 Re6 23. Qb5 Nc5 24. Nd4 Rg6 25. g3 h5 26. Nb3 h4 27. g4 f5 28. Kh2 fxg4 29. hxg4 Qe5+ 30. Kh3 Rf8 31. Nd2 Rxf2 32. Nxe4 Qh2# 0-1

[Event "Sofia MGU blitz 10th"]
[Site "Sofia"]
[Date "2017.11.25"]
[Round "5"]
[White "Georgiev, Nikolay Zh"]
[Black "Iliev, Dimitar"]
[Result "0-1"]
[WhiteElo "1588"]
[BlackElo "2145"]
[PlyCount "50"]
[EventDate "2017.11.25"]
[EventType "tourn (blitz)"]
[EventRounds "18"]
[EventCountry "BUL"]
[SourceTitle "EXT 2019"]
[Source "ChessBase"]
[SourceDate "2018.10.10"]
[SourceVersion "1"]
[SourceVersionDate "2018.10.10"]
[SourceQuality "1"]

1. e4 c6 2. Nc3 d6 3. d4 Nf6 4. Nf3 Bg4 5. h3 Bxf3 6. Qxf3 Nbd7 7. Bc4 e5 8. Qd3 Be7 9. 0-0 0-0 10. f4 b5 11. Bb3 exd4 12. Qxd4 c5 13. Qe3 c4 14. Nxb5 cxb3 15. axb3 d5 16. e5 Bc5 17. Nd4 Qb6 18. c3 Ne4 19. b4 Bxd4 20. Qxd4 Qxd4+ 21. cxd4 Rfc8 22. Be3 Rc2 23. Rfc1 Rxc1+ 24. Rxc1 Kf8 25. Rc7 Ke7 0-1

[Event "Sofia MGU blitz 10th"]
[Site "Sofia"]
[Date "2017.11.25"]
[Round "14"]
[White "Iliev, Dimitar"]
[Black "Georgiev, Nikolay Zh"]
[Result "1-0"]
[WhiteElo "2145"]
[BlackElo "1588"]
[PlyCount "125"]
[EventDate "2017.11.25"]
[EventType "tourn (blitz)"]
[EventRounds "18"]
[EventCountry "BUL"]
[SourceTitle "EXT 2019"]
[Source "ChessBase"]
[SourceDate "2018.10.10"]
[SourceVersion "1"]
[SourceVersionDate "2018.10.10"]
[SourceQuality "1"]

1. e4 e5 2. Nc3 Nf6 3. Nf3 Nc6 4. d4 Bb4 5. d5 Ne7 6. Bd3 Ng6 7. 0-0 Bxc3 8. bxc3 0-0 9. Bg5 h6 10. Bh4 d6 11. Qe2 Bg4 12. h3 Nxh4 13. hxg4 Nxf3+ 14. Qxf3 Qd7 15. Qf5 Qxf5 16. gxf5 Nd7 17. g4 Nc5 18. Kg2 g6 19. Rh1 Kg7 20. Rh3 gxf5 21. gxf5 Rh8 22. Rah1 f6 23. Rg3+ Kf7 24. Rg6 Rag8 25. Rxg8 Rxg8+ 26. Kf3 Rh8 27. Ke3 h5 28. Be2 h4 29. f3 b6 30. Bb5 a6 31. Bf1 a5 32. Bh3 Ke7 33. Bg4 Kf7 34. Kf2 Kg7 35. Kg2 Kh6 36. Kh3 Kg7 37. Rg1 Kf7 38. Kh2 Na4 39. c4 Nb2 40. f4 Nxc4 41. fxe5 Nxe5 42. Be2 Rg8 43. Bh5+ Kf8 44. Rb1 Rg3 45. Rb3 Rxb3 46. axb3 b5 47. Bd1 a4 48. bxa4 bxa4 49. c3 a3 50. Bb3 Ke7 51. Kh3 c5 52. Kxh4 Kd7 53. Kh5 Kc7 54. Kh6 Kb6 55. Kg7 c4 56. Ba2 Nf3 57. Kxf6 Nd2 58. Ke7 Kc5 59. f6 Nxe4 60. f7 Nxc3 61. f8Q Nxa2 62. Qf2+ Kb5 63. Qxa2 1-0

[Event "Sofia MGU blitz 10th"]
[Site "Sofia"]
[Date "2017.11.25"]
[Round "18"]
[White "Iliev, Dimitar"]
[Black "Ivanov, Daniel"]
[Result "0-1"]
[WhiteElo "2145"]
[BlackElo "1758"]
[PlyCount "88"]
[EventDate "2017.11.25"]
[EventType "tourn (blitz)"]
[EventRounds "18"]
[EventCountry "BUL"]
[SourceTitle "EXT 2019"]
[Source "ChessBase"]
[SourceDate "2018.10.10"]
[SourceVersion "1"]
[SourceVersionDate "2018.10.10"]
[SourceQuality "1"]

1. e4 e6 2. d4 d5 3. Nc3 Bb4 4. e5 c5 5. a3 cxd4 6. axb4 dxc3 7. bxc3 Qc7 8. Qd4 Bd7 9. Nf3 Nc6 10. Qd2 Nge7 11. b5 Nxe5 12. Nxe5 Qxe5+ 13. Be2 Bxb5 14. Rb1 Qxe2+ 15. Qxe2 Bxe2 16. Kxe2 b6 17. Ba3 Kd7 18. Bxe7 Kxe7 19. Kd3 Kd6 20. Ra1 e5 21. Rhb1 e4+ 22. Kd4 Kc6 23. Rb4 f6 24. Rab1 Kd6 25. Rb5 Ke6 26. Rxd5 Rhd8 27. Rxd8 Rxd8+ 28. Kxe4 Rd2 29. Ra1 a5 30. Rb1 Re2+ 31. Kf3 Rxc2 32. Rxb6+ Kf7 33. Rb5 Rxc3+ 34. Kf4 a4 35. Ra5 Ra3 36. f3 Ra1 37. h4 h5 38. g4 hxg4 39. fxg4 a3 40. g5 a2 41. Ra7+ Kg6 42. Kg4 Rg1+ 43. Kf4 a1Q 44. gxf6 Qxf6+ 0-1

[Event "Sofia MGU blitz 10th"]
[Site "Sofia"]
[Date "2017.11.25"]
[Round "12"]
[White "Iliev, Dimitar"]
[Black "Mladenov, Andrey"]
[Result "1-0"]
[WhiteElo "2145"]
[BlackElo "1595"]
[PlyCount "45"]
[EventDate "2017.11.25"]
[EventType "tourn (blitz)"]
[EventRounds "18"]
[EventCountry "BUL"]
[SourceTitle "EXT 2019"]
[Source "ChessBase"]
[SourceDate "2018.10.10"]
[SourceVersion "1"]
[SourceVersionDate "2018.10.10"]
[SourceQuality "1"]

1. e4 d6 2. d4 Nf6 3. Nc3 g6 4. f4 Bg7 5. Nf3 0-0 6. e5 dxe5 7. dxe5 Qxd1+ 8. Nxd1 Ng4 9. h3 Nh6 10. g4 f6 11. Bc4+ Kh8 12. e6 Nc6 13. Ne3 Na5 14. Bd5 c6 15. b4 cxd5 16. bxa5 Bxe6 17. Nd4 Bg8 18. Ba3 Rfe8 19. 0-0-0 e5 20. fxe5 fxe5 21. Nb5 Rad8 22. Nc7 Re7 23. Bxe7 1-0

[Event "Sofia MGU blitz 10th"]
[Site "Sofia"]
[Date "2017.11.25"]
[Round "9"]
[White "Ivanov, Daniel"]
[Black "Iliev, Dimitar"]
[Result "0-1"]
[WhiteElo "1758"]
[BlackElo "2145"]
[PlyCount "128"]
[EventDate "2017.11.25"]
[EventType "tourn (blitz)"]
[EventRounds "18"]
[EventCountry "BUL"]
[SourceTitle "EXT 2019"]
[Source "ChessBase"]
[SourceDate "2018.10.10"]
[SourceVersion "1"]
[SourceVersionDate "2018.10.10"]
[SourceQuality "1"]

1. e4 c6 2. Nf3 d6 3. d4 Qc7 4. c4 e5 5. d5 Bg4 6. Nc3 Nf6 7. Be2 Be7 8. 0-0 0-0 9. h3 Bxf3 10. Bxf3 a6 11. a4 a5 12. Be3 Na6 13. Bd2 Nb4 14. Ne2 Nd3 15. Qc2 Nc5 16. b4 axb4 17. Bxb4 Nfd7 18. a5 cxd5 19. cxd5 Rfc8 20. Rfc1 Qd8 21. Qb2 Nd3 22. Rxc8 Rxc8 23. Qd2 Nxb4 24. Qxb4 Nc5 25. Bg4 Ra8 26. Rb1 g6 27. Nc3 h5 28. Be2 Qxa5 29. Qxa5 Rxa5 30. Bf3 Bg5 31. Nb5 Be7 32. Nc7 Kg7 33. g4 hxg4 34. hxg4 Ra2 35. Kg2 Bh4 36. Kh3 Bxf2 37. Rf1 Be3 38. g5 Bxg5 39. Kg4 Bf4 40. Bh1 Nd7 41. Rb1 Nf6+ 42. Kf3 Ra3+ 43. Ke2 Re3+ 44. Kf2 Ng4+ 45. Kf1 Rh3 46. Bg2 Ne3+ 47. Kf2 Rh2 48. Rg1 g5 49. Nb5 g4 50. Nxd6 g3+ 51. Kf3 b6 52. Nf5+ Nxf5 53. exf5 Kf6 54. Ke4 Rh8 55. Bf3 Rb8 56. Rh1 b5 57. Rb1 b4 58. Kd3 Kxf5 59. Be4+ Kg4 60. Kc4 f5 61. Rxb4 Rxb4+ 62. Kxb4 fxe4 63. d6 Bg5 64. Kc4 Kf3 0-1

[Event "Sofia MGU blitz 09th"]
[Site "Sofia"]
[Date "2017.11.18"]
[Round "3"]
[White "Stoyanov, Svetlomir"]
[Black "Iliev, Dimitar"]
[Result "1-0"]
[WhiteElo "2070"]
[BlackElo "2145"]
[PlyCount "28"]
[EventDate "2017.11.18"]
[EventType "tourn (blitz)"]
[EventRounds "14"]
[EventCountry "BUL"]
[SourceTitle "EXT 2019"]
[Source "ChessBase"]
[SourceDate "2018.10.10"]
[SourceVersion "1"]
[SourceVersionDate "2018.10.10"]
[SourceQuality "1"]

1. d4 c6 2. Bf4 d6 3. e3 Nf6 4. c3 Qc7 5. h3 e5 6. Bg3 Be7 7. Be2 0-0 8. Nf3 Nbd7 9. a4 a5 10. Na3 b6 11. 0-0 Ba6 12. Bxa6 Rxa6 13. dxe5 dxe5 14. Nc4 e4 1-0

[Event "Sofia MGU op 82nd"]
[Site "Sofia"]
[Date "2013.04.07"]
[Round "6"]
[White "Iliev, Dimitar"]
[Black "Slavejkov, Anton"]
[Result "1-0"]
[WhiteElo "2145"]
[BlackElo "1618"]
[PlyCount "51"]
[EventDate "2013.04.06"]
[EventType "swiss"]
[EventRounds "6"]
[EventCountry "BUL"]
[SourceTitle "CBM 153 Extra"]
[Source "ChessBase"]
[SourceDate "2013.04.22"]
[SourceVersion "1"]
[SourceVersionDate "2013.04.22"]
[SourceQuality "1"]

1. e4 c5 2. b3 Nc6 3. Bb2 e6 4. Nf3 Nf6 5. e5 Nd5 6. c4 Nde7 7. Nc3 Nf5 8. Bd3 Nfd4 9. Ne4 Nb4 10. Bb1 Nxf3+ 11. Qxf3 Be7 12. Nd6+ Bxd6 13. exd6 0-0 14. Qh5 f5 15. 0-0 Qe8 16. Qg5 Qf7 17. d4 cxd4 18. Bxd4 b6 19. a3 Nc6 20. Bb2 Bb7 21. Bc2 e5 22. Rae1 e4 23. f3 h6 24. Qh4 exf3 25. Rxf3 Nd4 26. Qxd4 1-0